| 000 | 02038pam a22003494a 4500 | ||
|---|---|---|---|
| 001 | 5299706 | ||
| 005 | 20170105102938.0 | ||
| 008 | 040921s2005 mdub b 001 0 eng | ||
| 010 | _a 2004022277 | ||
| 020 | _a0742525864 (cloth : alk. paper) | ||
| 020 | _a0742525872 (pbk. : alk. paper) | ||
| 035 | _a(OCoLC)ocm56567066 | ||
| 035 | _a(NNC)5299706 | ||
| 040 |
_aDLC _cDLC _dYDX _dOrLoB-B |
||
| 042 | _apcc | ||
| 043 | _aaz----- | ||
| 050 | 0 | 0 |
_aDS341 _b.S653 2005 |
| 082 | 0 | 0 |
_a320.95 _222 _bSOU 2005 |
| 245 | 0 | 0 |
_aSouth Asia in world politics / _cedited by Devin T. Hagerty. |
| 260 |
_aLanham, Md. : _bRowman & Littlefield Publishers, _cc2005. |
||
| 300 |
_axviii, 312 p. : _b1 map ; _c23 cm. |
||
| 490 | 1 | _aAsia in world politics | |
| 504 | _aIncludes bibliographical references and index. | ||
| 505 | 0 | 0 |
_tSouth Asia chronology -- _tIntroduction : South Asia in world politics / _rDevin T. Hagerty -- _g1. _tIndia's foreign relations / _rDevin T. Hagerty and Herbert G. Hagerty -- _g2. _tPakistan's foreign relations / _rPeter R. Lavoy -- _g3. _tBangladesh's foreign relations / _rCraig Baxter -- _g4. _tSouth Asia's small states in world politics / _rSwarna Rajagopalan -- _g5. _tThe reconstitution and reconstruction of Afghanistan / _rDevin T. Hagerty and Herbert G. Hagerty -- _g6. _tGreat-power foreign policies in South Asia / _rRobert Wirsing -- _g7. _tKashmir and India-Pakistan nuclear issues / _rGaurav Kampani -- _g8. _tInternational dimensions of ethnic conflict / _rMaya Chadda -- _g9. _tReligion and politics / _rDavid Taylor -- _g10. _tDemocratization and development / _rJonah Blank -- _g11. _tGlobalization and economic liberalization / _rAnupam Srivastava -- _g12. _tThe war on terrorism : implications for South Asia / _rTimothy D. Hoyt. |
| 651 | 0 |
_aSouth Asia _xForeign relations. |
|
| 651 | 0 |
_aSouth Asia _xPolitics and government. |
|
| 700 | 1 | _aHagerty, Devin T. | |
| 830 | 0 | _aAsia in world politics. | |
| 856 | 4 | 1 |
_3Table of contents _uhttp://www.loc.gov/catdir/toc/ecip051/2004022277.html |
| 900 | _bTOC | ||
| 942 |
_2ddc _cBK |
||
| 999 |
_c16387 _d16387 |
||